[Event "4NCL 2019-20"]
[Site "Daventry"]
[Date "2020.01.12"]
[Round "4"]
[White "Webb, Laurence E"]
[Black "Bremner, Adam"]
[Result "0-1"]
[WhiteElo "2307"]
[BlackElo "2148"]
[Annotator "TA"]
[PlyCount "156"]
[EventDate "2020.01.11"]
[EventCountry "ENG"]
[SourceTitle "playchess.com"]
[Source "ChessBase"]
[SourceQuality "1"]

{[%evp 12,156,17,22,31,18,35,16,27,21,16,16,15,23,16,-12,73,35,32,32,32,32,34,-10,-10,-10,-11,-16,-5,-19,14,0,0,0,18,-20,-6,-7,-7,-32,-14,-17,-15,-12,-15,-71,-71,-70,-67,-95,0,-75,-56,-120,-58,-60,-20,-56,-57,-76,-56,-63,-68,-77,0,-80,-70,-87,-87,-87,-87,-83,-70,-72,-71,-175,-180,-179,-179,-219,-219,-217,-195,-470,-466,-568,-524,-586,-546,-616,-474,-883,-882,-945,-882,-947,-940,-910,-934,-993,-922,-594,-791,-1283,-1362,-1677,-1925,-1776,-1765,-5628,-2787,-5564,-5597,-3852,-2533,-29957,-29954,-29958,-29955,-29961,-29960,-29964,-29959,-12848,0,-12847,-11889,-6365,-6593,-29958,-10574,-29974,-29978,-29973,-29979,-29978,-29978,-29981,-29980,-29982,-29983,-29983,-29984,-29984,-29985,-29989,-29990]} 1. e4 c6 2. d4 d5 3. e5 Bf5 4. Nf3 e6 5. Be2 h6 6. O-O Nd7 7. Nbd2 Ne7 {B12: Caro-Kann: Advance Variation} 8. Nb3 Nc8 9. a4 (9. Ne1 Be7 10. Bd3 Bxd3 11. Nxd3 Ncb6 12. Qg4 g6 13. Nd2 Qc7 14. a4 {0-1 (51) Sasikiran,K (2656)-Wojtaszek,R (2725) Moscow 2019}) 9... Be7 {The position is equal.} 10. Be3 O-O 11. h3 $146 ({Predecessor:} 11. Ne1 Ncb6 12. Nd2 a5 13. f4 {0-1 (51) Pichot,A (2581)-Bacallao Alonso,Y (2583) Antofagasta 2019}) 11... a6 12. a5 Na7 13. Ne1 {[#]} Rc8 (13... c5 $1 $11 {[%mdl 512]}) 14. Bg4 Bh7 15. Nd3 Bxd3 16. cxd3 c5 17. Nxc5 Nxc5 18. dxc5 d4 19. Bd2 $1 Rxc5 20. f4 g6 21. Bf3 Rb5 22. Qc2 Qd7 23. Rfc1 Rc8 $36 {[%mdl 2048] Black has good play.} 24. Qa4 Nc6 25. Rc2 Nb4 26. Rxc8+ Qxc8 27. Rc1 Qd8 28. Be4 (28. Rc4 $1 $11 Rxa5 29. Qb3 Ra1+ 30. Kh2) 28... Rxa5 $17 29. Qd1 Rb5 30. Qg4 {With the idea Bxg6!} Kh7 (30... Kg7 $17 {Threatens to win with ...Nd5.} 31. Bxb4 Bxb4) 31. Qf3 (31. Bxg6+ $1 $11 fxg6 32. Qxe6) 31... Nd5 32. Rc2 ({Better is} 32. g4 $15) 32... Qd7 (32... Bb4 $17 33. Bc1 Kg8) 33. g4 $15 f5 34. exf6 Nxf6 35. Be1 Nxe4 36. Qxe4 Kg7 37. Bf2 Bf6 (37... Kf7 $1 $17) 38. Kg2 (38. h4 $11 {keeps the balance.}) 38... Kf7 $17 39. Bg3 Bd8 40. Bf2 Bb6 41. Kf3 Qd5 42. Qxd5 exd5 $15 {[%mdl 4096] Endgame KRB-KRB} 43. f5 (43. Bg3 $17) 43... gxf5 $1 $19 44. gxf5 Rb3 45. Rd2 {[#]} Ba5 $1 {[%cal Ra5d2]} 46. Rd1 Rxb2 47. Bh4 $2 (47. Rg1 {was the only chance.}) 47... Rd2 48. Rb1 Rxd3+ 49. Kg4 b6 50. Bd8 {[#]} h5+ $1 51. Kf4 (51. Kh4 $142 Rf3 52. Kxh5) (51. Kxh5 Rxh3+) 51... Rxh3 52. Bxb6 Bxb6 53. Rxb6 {KR-KR} d3 54. Rb7+ Kf6 55. Rb6+ {[#]} Ke7 $1 56. Rb2 Kd6 57. f6 Ke6 58. Rb6+ Kf7 59. Rd6 a5 {[%cal Ba6a5,Ba5a4][%mdl 32]} 60. Kf5 Rf3+ 61. Ke5 Kg6 62. f7+ Kxf7 63. Rxd5 a4 64. Ke4 Rh3 65. Rf5+ Ke6 66. Rf2 Rg3 67. Kf4 Rh3 68. Ke4 a3 69. Ra2 Kd6 70. Rxa3 h4 71. Kd4 {[#]} d2 $1 {[%mdl 512] Black mates.} 72. Ra6+ Kc7 73. Ra1 Rh2 74. Kd3 Rg2 75. Ke3 h3 76. Kf3 Kc6 77. Rh1 Kc5 78. Rxh3 Rg1 {Accuracy: White = 30%, Black = 77%.} 0-1

[Event "4NCL 2019-20"]
[Site "Daventry"]
[Date "2020.01.12"]
[Round "4"]
[White "Ciuksyte, Dagne"]
[Black "Jaufarally, Nadia"]
[Result "1-0"]
[WhiteElo "2295"]
[BlackElo "1932"]
[Annotator "ChessBase"]
[PlyCount "67"]
[EventDate "2020.01.11"]
[EventCountry "ENG"]
[SourceTitle "playchess.com"]
[Source "ChessBase"]
[SourceQuality "1"]
[TimeControl "40/6000:3000+30"]

1. e4 {[%emt 0:00:30]} c5 {[%emt 0:00:02]} 2. Nf3 {[%emt 0:00:02]} g6 {[%emt 0:00:50]} 3. d4 {[%emt 0:00:06]} cxd4 {[%emt 0:00:02]} 4. Nxd4 {[%emt 0:00:03]} Nc6 {[%emt 0:00:02]} 5. c4 {[%emt 0:00:05]} Bg7 {[%emt 0:00:23]} 6. Be3 {[%emt 0:00:04]} d6 {[%emt 0:00:02]} 7. Nc3 {[%emt 0:00:02]} Qb6 {[%emt 0:00:02]} 8. Ndb5 {[%emt 0:00:05]} Bxc3+ {[%emt 0:00:04]} 9. bxc3 {[%emt 0:00:04]} Qa5 {[%emt 0:00:06]} 10. Be2 {[%emt 0:00:03]} a6 {[%emt 0:00:02]} 11. Nd4 {[%emt 0:00:03]} Qxc3+ {[%emt 0:00:04]} 12. Kf1 {[%emt 0:00:05]} Ne5 {[%emt 0:00:03]} 13. Nb3 {[%emt 0:00:03]} Be6 {[%emt 0:00:02]} 14. c5 {[%emt 0:00:02]} Rd8 {[%emt 0:00:02]} 15. Rc1 {[%emt 0:00:02]} Qb4 {[%emt 0:00:05]} 16. cxd6 {[%emt 0:00:03]} Bxb3 {[%emt 0:00:04]} 17. axb3 {[%emt 0:00:05]} Qxd6 {[%emt 0:00:05]} 18. Qxd6 {[%emt 0:00:05]} Rxd6 {[%emt 0:00:02]} 19. f4 {[%emt 0:00:04]} Nc6 {[%emt 0:00:02]} 20. e5 {[%emt 0:00:02]} Rd7 {[%emt 0:00:02]} 21. Kf2 {[%emt 0:00:02]} Nh6 {[%emt 0:00:02]} 22. g4 {[%emt 0:00:03]} e6 {[%emt 0:00:05]} 23. h3 {[%emt 0:00:02]} Ng8 {[%emt 0:00:07]} 24. Bxa6 {[%emt 0:00:02]} Nxe5 {[%emt 0:00:07]} 25. Rc8+ {[%emt 0:00:04]} Rd8 {[%emt 0:00:02]} 26. Rxd8+ {[%emt 0:00:04]} Kxd8 {[%emt 0:00:03]} 27. Bxb7 {[%emt 0:00:03]} Nd7 {[%emt 0:00:04]} 28. Ra1 {[%emt 0:00:03]} Kc7 {[%emt 0:00:02]} 29. Bf3 {[%emt 0:00:03]} Ngf6 {[%emt 0:00:03]} 30. Ra7+ {[%emt 0:00:03]} Kd6 {[%emt 0:00:02]} 31. Bd4 {[%emt 0:00:02]} Rf8 {[%emt 0:00:03]} 32. Bb2 {[%emt 0:00:02]} Nd5 {[%emt 0:00:53]} 33. Ba3+ {[%emt 0:00:02]} Nc5 {[%emt 0:00:02]} 34. Ra6+ 1-0

[Event "4NCL 2019-20"]
[Site "Daventry"]
[Date "2020.01.12"]
[Round "4"]
[White "Kolbus, Dietmar"]
[Black "Regan, Natasha K"]
[Result "1-0"]
[WhiteElo "2294"]
[BlackElo "1956"]
[Annotator "ChessBase"]
[PlyCount "59"]
[EventDate "2020.01.11"]
[EventCountry "ENG"]
[SourceTitle "playchess.com"]
[Source "ChessBase"]
[SourceQuality "1"]
[TimeControl "40/6000:3000+30"]

1. c4 {[%emt 0:00:00]} e5 {[%emt 0:00:00]} 2. Nf3 {[%emt 0:00:00]} Nc6 {[%emt 0:01:22]} 3. d4 {[%emt 0:00:00]} e4 {[%emt 0:00:07]} 4. Nfd2 {[%emt 0:01:03]} f5 {[%emt 0:00:38]} 5. Nb3 {[%emt 0:00:56]} Nf6 {[%emt 0:00:41]} 6. Nc3 {[%emt 0:00:00]} a5 {[%emt 0:00:53]} 7. d5 {[%emt 0:00:47]} Ne5 {[%emt 0:01:03]} 8. Nd4 {[%emt 0:00:19]} g6 {[%emt 0:03:40]} 9. e3 {[%emt 0:01:32]} Nf7 {[%emt 0:04:56]} 10. Be2 {[%emt 0:00:34]} b6 {[%emt 0:03:58]} 11. b3 {[%emt 0:02:16]} h5 {[%emt 0:07:54]} 12. Bb2 {[%emt 0:03:45]} Bb7 {[%emt 0:08:39]} 13. Qd2 {[%emt 0:00:26]} Rc8 {[%emt 0:02:22]} 14. O-O-O {[%emt 0:00:05]} Qe7 {[%emt 0:04:28]} 15. Ndb5 {[%emt 0:02:54]} d6 {[%emt 0:06:02]} 16. Kb1 {[%emt 0:06:31]} Ng4 {[%emt 0:04:05]} 17. Rdf1 {[%emt 0:00:38]} Bh6 {[%emt 0:01:43]} 18. h3 {[%emt 0:00:13]} Nf6 {[%emt 0:01:11]} 19. Nd4 {[%emt 0:03:55]} Nd8 {[%emt 0:03:00]} 20. g4 {[%emt 0:04:19]} hxg4 {[%emt 0:05:38]} 21. hxg4 {[%emt 0:00:00]} Nxg4 {[%emt 0:00:28]} 22. Bxg4 {[%emt 0:00:00]} fxg4 {[%emt 0:00:00]} 23. Rhg1 {[%emt 0:00:00]} Nf7 {[%emt 0:06:47]} 24. Rxg4 {[%emt 0:02:09]} Ng5 {[%emt 0:00:32]} 25. Qc2 {[%emt 0:02:53]} Kd7 {[%emt 0:04:23]} 26. Nxe4 {[%emt 0:00:48]} Rhg8 {[%emt 0:05:34]} 27. Nxg5 {[%emt 0:00:33]} Bxg5 {[%emt 0:00:00]} 28. Rfg1 {[%emt 0:01:01]} Bh4 {[%emt 0:00:28]} 29. Nf5 {[%emt 0:00:32]} gxf5 {[%emt 0:00:53]} 30. Qxf5+ {[%emt 0:00:00]} 1-0

[Event "4NCL 2019-20"]
[Site "Daventry"]
[Date "2020.01.12"]
[Round "4"]
[White "Povah, Nigel E"]
[Black "York-Weaving, Richard"]
[Result "1/2-1/2"]
[WhiteElo "2284"]
[BlackElo "2335"]
[Annotator "ChessBase"]
[PlyCount "91"]
[EventDate "2020.01.11"]
[EventCountry "ENG"]
[SourceTitle "playchess.com"]
[Source "ChessBase"]
[SourceQuality "1"]
[TimeControl "40/6000:3000+30"]

1. d4 {[%emt 0:00:00]} Nf6 {[%emt 0:00:00]} 2. Bg5 {[%emt 0:00:00]} d5 {[%emt 0:00:00]} 3. Bxf6 {[%emt 0:00:14]} gxf6 {[%emt 0:00:00]} 4. c4 {[%emt 0:00:00]} c5 {[%emt 0:05:06]} 5. e3 {[%emt 0:01:45]} cxd4 {[%emt 0:05:08]} 6. exd4 {[%emt 0:00:12]} Nc6 {[%emt 0:01:31]} 7. Nc3 {[%emt 0:06:02]} dxc4 {[%emt 0:04:14]} 8. d5 {[%emt 0:01:31]} Ne5 {[%emt 0:02:56]} 9. Bxc4 {[%emt 0:02:07]} Nxc4 {[%emt 0:01:11]} 10. Qa4+ {[%emt 0:00:00]} Bd7 {[%emt 0:00:14]} 11. Qxc4 {[%emt 0:00:00]} Qb6 {[%emt 0:02:37]} 12. Nge2 {[%emt 0:00:32]} Rg8 {[%emt 0:09:31]} 13. O-O {[%emt 0:01:21]} Rg4 {[%emt 0:04:38]} 14. Qd3 {[%emt 0:01:38]} f5 {[%emt 0:02:04]} 15. a3 {[%emt 0:18:54]} h5 {[%emt 0:06:34]} 16. h3 {[%emt 0:01:30]} Rg5 {[%emt 0:02:07]} 17. Rfe1 {[%emt 0:02:26]} O-O-O {[%emt 0:04:11]} 18. Qc4+ {[%emt 0:07:07]} Qc7 {[%emt 0:00:00]} 19. Qh4 {[%emt 0:01:00]} Rg6 {[%emt 0:04:57]} 20. Rac1 {[%emt 0:01:08]} Kb8 {[%emt 0:06:25]} 21. Nb5 {[%emt 0:00:00]} Qb6 {[%emt 0:09:36]} 22. Qf4+ {[%emt 0:00:19]} Rd6 {[%emt 0:01:21]} 23. Nxd6 {[%emt 0:00:30]} exd6 {[%emt 0:00:17]} 24. Qd4 {[%emt 0:04:28]} Qxd4 {[%emt 0:00:09]} 25. Nxd4 {[%emt 0:00:00]} Bg7 {[%emt 0:00:00]} 26. Red1 {[%emt 0:00:51]} Re8 {[%emt 0:00:30]} 27. b3 {[%emt 0:07:24]} Re4 {[%emt 0:03:24]} 28. Rc4 {[%emt 0:00:35]} Bf6 {[%emt 0:03:24]} 29. a4 {[%emt 0:02:10]} a6 {[%emt 0:02:51]} 30. g3 {[%emt 0:03:44]} Re8 {[%emt 0:06:02]} 31. Nf3 {[%emt 0:03:31]} Re2 {[%emt 0:00:16]} 32. Rd2 {[%emt 0:00:43]} Re8 {[%emt 0:00:13]} 33. h4 {[%emt 0:01:06]} Rg8 {[%emt 0:02:51]} 34. Rdc2 {[%emt 0:02:28]} Bd8 {[%emt 0:00:00]} 35. Ng5 {[%emt 0:00:28]} Rg7 {[%emt 0:00:00]} 36. Nh3 {[%emt 0:01:20]} Bb6 {[%emt 0:01:46]} 37. Kg2 {[%emt 0:00:33]} Bd8 {[%emt 0:00:00]} 38. Nf4 {[%emt 0:00:00]} Rh7 {[%emt 0:00:00]} 39. Ne2 {[%emt 0:05:17]} Rg7 {[%emt 0:00:04]} 40. Kf3 {[%emt 0:02:25]} Rg8 {[%emt 0:00:51]} 41. Nf4 {[%emt 0:51:05]} Rh8 {[%emt 0:50:08]} 42. Ng2 {[%emt 0:00:28]} Re8 {[%emt 0:00:00]} 43. Ne3 {[%emt 0:00:00]} Re5 {[%emt 0:00:00]} 44. Ng2 {[%emt 0:00:00]} Rxd5 {[%emt 0:00:00]} 45. Nf4 {[%emt 0:00:00]} Re5 {[%emt 0:00:00]} 46. Nxh5 {[%emt 0:00:00]} 1/2-1/2

[Event "4NCL 2019-20"]
[Site "Daventry"]
[Date "2020.01.12"]
[Round "4"]
[White "Lund, D Brett"]
[Black "Horton, Andrew P"]
[Result "0-1"]
[WhiteElo "2265"]
[BlackElo "2380"]
[Annotator "ChessBase"]
[PlyCount "95"]
[EventDate "2020.01.11"]
[EventCountry "ENG"]
[SourceTitle "playchess.com"]
[Source "ChessBase"]
[SourceQuality "1"]
[TimeControl "40/6000:3000+30"]

1. g3 {[%emt 0:00:00]} c5 {[%emt 0:00:52]} 2. Bg2 {[%emt 0:00:00]} Nc6 {[%emt 0:00:00]} 3. d3 {[%emt 0:00:56]} g6 {[%emt 0:05:50]} 4. e4 {[%emt 0:00:50]} Bg7 {[%emt 0:00:00]} 5. Nc3 {[%emt 0:01:51]} e6 {[%emt 0:02:12]} 6. Be3 {[%emt 0:00:00]} d6 {[%emt 0:00:11]} 7. Qd2 {[%emt 0:00:00]} Rb8 {[%emt 0:01:57]} 8. f4 {[%emt 0:04:52]} Nge7 {[%emt 0:01:35]} 9. h4 {[%emt 0:06:49]} h5 {[%emt 0:05:52]} 10. Nf3 {[%emt 0:03:57]} Nd4 {[%emt 0:02:13]} 11. Ng5 {[%emt 0:01:57]} b5 {[%emt 0:08:11]} 12. Nd1 {[%emt 0:04:05]} b4 {[%emt 0:03:36]} 13. c3 {[%emt 0:01:04]} bxc3 {[%emt 0:02:17]} 14. bxc3 {[%emt 0:00:00]} Ndc6 {[%emt 0:01:27]} 15. O-O {[%emt 0:03:02]} Qa5 {[%emt 0:12:23]} 16. Rc1 {[%emt 0:03:42]} Bd7 {[%emt 0:03:47]} 17. Nf3 {[%emt 0:20:43]} O-O {[%emt 0:02:06]} 18. Bh3 {[%emt 0:08:24]} f5 {[%emt 0:31:49]} 19. Ng5 {[%emt 0:06:04]} Nd8 {[%emt 0:03:06]} 20. Re1 {[%emt 0:02:28]} Nf7 {[%emt 0:00:30]} 21. Nxf7 {[%emt 0:08:34]} Rxf7 {[%emt 0:00:00]} 22. Nf2 {[%emt 0:01:29]} d5 {[%emt 0:00:37]} 23. e5 {[%emt 0:02:26]} Rff8 {[%emt 0:00:57]} 24. Rb1 {[%emt 0:05:36]} Qc7 {[%emt 0:01:47]} 25. d4 {[%emt 0:02:09]} c4 {[%emt 0:00:02]} 26. Qc2 {[%emt 0:01:38]} Qa5 {[%emt 0:00:46]} 27. Bf1 {[%emt 0:01:18]} Rb6 {[%emt 0:01:06]} 28. Rxb6 {[%emt 0:00:45]} axb6 {[%emt 0:00:00]} 29. Rb1 {[%emt 0:02:50]} Ra8 {[%emt 0:00:00]} 30. Rb2 {[%emt 0:00:00]} Bf8 {[%emt 0:00:00]} 31. Bd2 {[%emt 0:00:00]} Nc8 {[%emt 0:00:49]} 32. Be1 {[%emt 0:00:00]} Ba3 {[%emt 0:00:30]} 33. Rb1 {[%emt 0:00:00]} Be7 {[%emt 0:00:16]} 34. Rb2 {[%emt 0:00:00]} Na7 {[%emt 0:00:00]} 35. Be2 {[%emt 0:00:00]} Nb5 {[%emt 0:00:00]} 36. Qd2 {[%emt 0:00:00]} Na7 {[%emt 0:00:20]} 37. Nd1 {[%emt 0:00:18]} Ba3 {[%emt 0:01:01]} 38. Rb1 {[%emt 0:00:00]} b5 {[%emt 0:00:30]} 39. Ne3 {[%emt 0:00:00]} Bf8 {[%emt 0:00:06]} 40. Rb2 {[%emt 0:00:35]} Nc6 {[%emt 0:00:27]} 41. Nc2 {[%emt 0:03:08]} Qb6 {[%emt 0:09:07]} 42. Bd1 {[%emt 0:05:17]} Ra5 {[%emt 0:02:10]} 43. Qf2 {[%emt 0:28:39]} Qa7 {[%emt 0:06:38]} 44. Ne3 {[%emt 0:00:24]} Ra3 {[%emt 0:09:57]} 45. Nf1 {[%emt 0:05:21]} b4 {[%emt 0:02:51]} 46. Rc2 {[%emt 0:01:33]} bxc3 {[%emt 0:01:19]} 47. Bxc3 {[%emt 0:00:07]} Bb4 {[%emt 0:01:09]} 48. Ba1 {[%emt 0:02:47]} 0-1

[Event "4NCL 2019-20"]
[Site "Daventry"]
[Date "2020.01.12"]
[Round "4"]
[White "Hoffmann, Hendrik"]
[Black "Hill, Alistair"]
[Result "1/2-1/2"]
[WhiteElo "2246"]
[BlackElo "2217"]
[Annotator "TA"]
[PlyCount "157"]
[EventDate "2020.01.11"]
[EventCountry "ENG"]
[SourceTitle "playchess.com"]
[Source "ChessBase"]
[SourceQuality "1"]

{[%evp 9,157,13,27,-47,-35,-108,-111,-188,-189,-198,-133,-138,-128,-139,-138,-209,-87,-187,-175,-471,-256,-554,-422,-563,-286,-287,-322,-330,-258,-240,-215,-207,-149,-167,-162,-167,-160,-185,-101,-224,-92,-235,-202,-227,-235,-216,-211,-260,-212,-220,-213,-257,-265,-284,-266,-410,-392,-400,-370,-342,-300,-581,-562,-1014,-1004,-2739,-394,-398,-403,-397,-401,-416,-387,-472,-486,-568,-387,-441,-310,-393,-412,-400,-371,-387,-363,-324,-199,-199,-199,-199,-197,-224,-199,-199,-199,-224,-224,-224,-206,-208,-207,-254,-233,-284,-278,-270,-261,-239,-207,-344,-341,-335,-330,-344,-341,-342,-357,-324,-303,-341,-295,-354,-342,-431,-358,-328,-332,-397,-372,-357,-359,-781,-779,-746,-733,-801,-662,-657,-656,-580,-573,-566,-491,-479,-443,-404,0,0,0,0]} 1. e4 e6 2. d4 d5 3. Nd2 Be7 4. c3 c5 5. e5 Nc6 6. Qg4 {C03: French Tarrasch: Unusual Black 3rd moves} (6. Bd3 $11) (6. Bd3 Bd7 7. Qg4 Kf8 8. Ne2 h5 9. Qf3 cxd4 10. cxd4 Qb6 11. Nb3 a5 12. Nf4 Ke8 13. Nxh5 a4 14. Nxg7+ {1-0 (46) Mamedov,R (2703)-Lagarde,M (2616) Skopje 2018}) 6... Kf8 7. Ndf3 (7. Bd3 $15) 7... cxd4 $17 8. cxd4 (8. Qf4 $17) 8... Nb4 $19 9. Kd1 $146 ({Predecessor:} 9. Bd2 Nc2+ 10. Kd1 Nxa1 11. Bd3 f5 12. Qg3 Qe8 13. b3 a5 14. Kc1 a4 15. b4 Nb3+ 16. axb3 axb3 17. Bc3 Qc6 18. Kb2 {0-1 (18) Bellahcene,S (1813)-Allahverdiyeva,A (2046) Riga 2018}) 9... Qc7 (9... Bd7 $19 10. Ne2 Nd3) 10. Ne1 $17 Bd7 $36 {[%mdl 2048] Black is on the roll.} 11. Bd2 Qb6 12. Nd3 {[#]} (12. Bxb4 $17 Qxb4 13. Nd3) 12... Nxa2 (12... Nh6 $1 $19 {[%cal Rh6g4] has better winning chances.} 13. Qf4 Ba4+ 14. b3 g5) 13. Ke2 (13. Qe2 $17) 13... Bb5 $19 14. Kf3 $2 (14. Ke1 {was called for.} Bc4 15. Qf4) 14... Bc4 (14... h5 $142 15. Qg3 Bxd3 {[%mdl 64] Discovered Attack} 16. Bxd3 Qxd4) 15. Nc5 $2 (15. Kg3) 15... Bxc5 16. dxc5 Qb3+ 17. Be3 Bxf1 (17... Qxb2 18. Qd4 $19) 18. Rxf1 Nb4 {White must now prevent ...Nc6.} (18... Qxb2 19. Ne2 $17) 19. g3 Nc6 20. Kg2 d4 (20... Qxb2 21. Nf3 $17) 21. Bf4 d3 22. Rd1 Rd8 (22... Qxb2 23. Rxd3 Nge7 24. Qf3 $15) 23. Nf3 Nge7 (23... Qxb2 24. Rb1 $17) ({Better is} 23... h5 $19 24. Qh4 Nge7) 24. Rhe1 (24. Bg5 $17 {was necessary.}) 24... Ng6 (24... Qxb2 25. Bg5 $17) (24... h5 $19 {is more deadly.} 25. Nd2 Qb5) 25. Nh4 (25. Bd2 $17) 25... Qd5+ 26. Kg1 Nxh4 27. Qxh4 h6 (27... Qxc5 28. Bd2) 28. Qh5 Nd4 {aiming for ...g6.} (28... Qxc5 29. Bd2 $19) 29. Rxd3 {[#]} Ne2+ $1 {[%mdl 512]} 30. Rxe2 Qxd3 31. Kg2 Kg8 32. Re3 (32. Be3 {is a better defense.}) 32... Qd5+ 33. Rf3 Rd7 34. Be3 Qe4 35. g4 $2 (35. h3 {was worth a try.}) 35... g6 36. Qh3 h5 37. g5 Qxe5 $2 (37... h4 38. c6 bxc6) 38. Qh4 Qd5 39. Qa4 a6 40. Bf4 Kh7 41. Be5 Rc8 42. b4 Rf8 43. h4 Qc6 44. Qb3 Qe4 45. Bd6 Rfd8 46. Qc3 e5 47. Qxe5 Qxe5 ({Resist} 47... Qxb4 48. Be7 $19) ({Don't blunder} 47... Qxh4 $2 48. Rf4 $18) 48. Bxe5 {[%mdl 4096] Endgame KRR-KRB} Re8 49. Bf6 Kg8 50. Rc3 Re6 51. b5 axb5 52. Ra3 {[#] White wants to mate with Ra8+.} Re8 $1 53. Ra5 Rc8 54. Rxb5 Kf8 55. f3 Ke8 56. Kg3 Rc6 57. Kf4 Rdc7 58. Bd4 Kd7 59. Rb1 (59. Be5 $142 Rxc5 60. Rb6) 59... Re6 60. Bg7 Re8 ({But not} 60... Rxc5 61. Rxb7+ Rc7 62. Rb2 $19) 61. Bd4 Kc6 62. Bf2 Rd7 63. Rb6+ Kd5 64. Rb1 Kc4 65. Rc1+ Kb3 66. Be3 Re6 67. Rb1+ Kc2 68. Ra1 Rd5 {...Rf5+ is the strong threat.} 69. Bf2 Re2 70. Ra2+ $2 (70. Be3) 70... Kd3 71. Ra3+ Kc4 72. Be3 Rf5+ (72... Kb4 $2 73. Ra7 $19) 73. Kg3 {[#]} Rxe3 $1 {[%mdl 512]} 74. Rxe3 {intending Re7.} Kxc5 {KR-KR} 75. Kf2 Kd4 76. Re4+ Kd5 77. Rb4 b5 $2 (77... Kc6 $19 {And now ...b5 would win.} 78. Rc4+ Kd6) 78. Rxb5+ $11 Ke6 79. Rb6+ {Accuracy: White = 32%, Black = 59%.} 1/2-1/2

[Event "4NCL 2019-20"]
[Site "Daventry"]
[Date "2020.01.12"]
[Round "4"]
[White "Townsend, M Paul"]
[Black "Taylor, Adam C"]
[Result "1-0"]
[WhiteElo "2217"]
[BlackElo "2361"]
[Annotator "ChessBase"]
[PlyCount "65"]
[EventDate "2020.01.11"]
[EventCountry "ENG"]
[SourceTitle "playchess.com"]
[Source "ChessBase"]
[SourceQuality "1"]
[TimeControl "40/6000:3000+30"]

1. c4 {[%emt 0:00:00]} c5 {[%emt 0:00:00]} 2. g3 {[%emt 0:00:00]} Nc6 {[%emt 0:00:00]} 3. Bg2 {[%emt 0:00:00]} g6 {[%emt 0:00:00]} 4. Nc3 {[%emt 0:00:00]} Bg7 {[%emt 0:00:00]} 5. e3 {[%emt 0:00:00]} d6 {[%emt 0:08:39]} 6. Nge2 {[%emt 0:00:00]} Qd7 {[%emt 0:00:00]} 7. d4 {[%emt 0:08:46]} b6 {[%emt 0:00:00]} 8. O-O {[%emt 0:00:46]} Bb7 {[%emt 0:00:00]} 9. d5 {[%emt 0:01:29]} Na5 {[%emt 0:02:36]} 10. b3 {[%emt 0:05:31]} a6 {[%emt 0:04:25]} 11. Bb2 {[%emt 0:04:49]} b5 {[%emt 0:03:58]} 12. Na4 {[%emt 0:10:57]} Bxb2 {[%emt 0:02:11]} 13. Nxb2 {[%emt 0:00:00]} g5 {[%emt 0:01:35]} 14. e4 {[%emt 0:05:08]} g4 {[%emt 0:04:34]} 15. Qc2 {[%emt 0:06:40]} Nf6 {[%emt 0:00:36]} 16. Nd3 {[%emt 0:00:13]} Qc7 {[%emt 0:03:44]} 17. Nef4 {[%emt 0:02:23]} Rg8 {[%emt 0:05:48]} 18. Rfe1 {[%emt 0:02:55]} Nd7 {[%emt 0:00:00]} 19. Re3 {[%emt 0:03:17]} f6 {[%emt 0:04:31]} 20. h3 {[%emt 0:08:05]} h5 {[%emt 0:05:35]} 21. Nxh5 {[%emt 0:02:44]} gxh3 {[%emt 0:00:39]} 22. Bxh3 {[%emt 0:00:00]} Rh8 {[%emt 0:00:21]} 23. Nhf4 {[%emt 0:06:06]} Qb6 {[%emt 0:06:10]} 24. Bf5 {[%emt 0:06:21]} Ne5 {[%emt 0:06:49]} 25. Nxe5 {[%emt 0:01:40]} dxe5 {[%emt 0:01:03]} 26. Ng6 {[%emt 0:06:21]} Rh6 {[%emt 0:01:29]} 27. cxb5 {[%emt 0:00:05]} axb5 {[%emt 0:00:17]} 28. Rc1 {[%emt 0:00:00]} e6 {[%emt 0:00:01]} 29. dxe6 {[%emt 0:00:56]} c4 {[%emt 0:00:00]} 30. Qd2 {[%emt 0:01:22]} Rd8 {[%emt 0:00:40]} 31. Rd3 {[%emt 0:00:09]} Rxd3 {[%emt 0:03:36]} 32. Qxh6 {[%emt 0:00:00]} Rxg3+ {[%emt 0:00:00]} 33. Kf1 {[%emt 0:00:00]} 1-0

[Event "4NCL 2019-20"]
[Site "Daventry"]
[Date "2020.01.12"]
[Round "4"]
[White "McClement, Andrew"]
[Black "Skulte, Christopher"]
[Result "1/2-1/2"]
[WhiteElo "2215"]
[BlackElo "2033"]
[Annotator "ChessBase"]
[PlyCount "58"]
[EventDate "2020.01.11"]
[EventCountry "ENG"]
[SourceTitle "playchess.com"]
[Source "ChessBase"]
[SourceQuality "1"]
[TimeControl "40/6000:3000+30"]

1. e4 {[%emt 0:00:00]} e6 {[%emt 0:01:35]} 2. d3 {[%emt 0:02:35]} d5 {[%emt 0:01:49]} 3. Qe2 {[%emt 0:00:00]} Be7 {[%emt 0:00:39]} 4. g3 {[%emt 0:00:00]} c5 {[%emt 0:00:02]} 5. Bg2 {[%emt 0:00:00]} Nc6 {[%emt 0:00:00]} 6. Nf3 {[%emt 0:00:00]} Nf6 {[%emt 0:03:41]} 7. O-O {[%emt 0:00:00]} O-O {[%emt 0:00:21]} 8. e5 {[%emt 0:00:00]} Nd7 {[%emt 0:00:03]} 9. h4 {[%emt 0:00:00]} b5 {[%emt 0:04:58]} 10. Bf4 {[%emt 0:00:00]} a5 {[%emt 0:03:13]} 11. Nbd2 {[%emt 0:00:00]} b4 {[%emt 0:08:49]} 12. c4 {[%emt 0:03:24]} bxc3 {[%emt 0:02:23]} 13. bxc3 {[%emt 0:07:18]} Ba6 {[%emt 0:02:09]} 14. c4 {[%emt 0:00:22]} Nb6 {[%emt 0:04:01]} 15. Rfc1 {[%emt 0:00:07]} Rb8 {[%emt 0:05:41]} 16. Nb3 {[%emt 0:09:06]} a4 {[%emt 0:03:20]} 17. cxd5 {[%emt 0:00:25]} axb3 {[%emt 0:14:38]} 18. axb3 {[%emt 0:00:00]} Nb4 {[%emt 0:05:24]} 19. d6 {[%emt 0:00:18]} Bxd3 {[%emt 0:03:48]} 20. Qd2 {[%emt 0:23:02]} N6d5 {[%emt 0:08:03]} 21. Rxc5 {[%emt 0:20:57]} Nxf4 {[%emt 0:06:24]} 22. Qxf4 {[%emt 0:00:00]} Bxd6 {[%emt 0:00:36]} 23. exd6 {[%emt 0:00:00]} Rb6 {[%emt 0:00:00]} 24. d7 {[%emt 0:15:30]} Qxd7 {[%emt 0:00:00]} 25. Rc7 {[%emt 0:00:39]} Qd6 {[%emt 0:00:43]} 26. Qxd6 {[%emt 0:00:00]} Rxd6 {[%emt 0:00:00]} 27. Ne5 {[%emt 0:00:00]} Bg6 {[%emt 0:06:56]} 28. Bf3 {[%emt 0:03:08]} Nd5 {[%emt 0:02:33]} 29. Rb7 {[%emt 0:00:00]} Nf6 {[%emt 0:03:09]} 1/2-1/2